000 00712nam a2200217 a 4500
001 20100
003 CO-ViMGA
008 141112s2004 ck r 000 u spa d
020 _a95893480842401788
040 _aCO-ViMGA
_bspa
_cCO-ViMGA
082 0 4 _aFr323.4 C654a
100 1 _aComision Andina de Juristas,
_93152
245 1 0 _aArauca
260 _aBogotá :
_bComisión Andina de Juristas 1994
300 _a191 p.
490 0 _aInformes Regionales de derechos humanos
590 _aForma de adquisición : Donación Banco de la Republica, Sept. 2005 - - Precio : 20000
650 1 4 _aDERECHOS HUMANOS - ARAUCA
_93153
650 1 4 _aVIOLACION DE DERECHOS HUMANOS - ARAUCA - INFORMES
_93154
942 _2ddc
_cBK
999 _c9772
_d9772